000 02586cam a22004694i 4500
003 PE-LiUPU
005 20250731173401.0
008 150706s2007 flu rb 000 0 spa d
020 _a1588023915
035 _a(Sirsi) i9781588023919
040 _aPE-LiUPU
_bspa
_cPE-LiUPU
_erda
049 _aPRUA
082 0 4 _a223.2
_bP16
_221
100 1 _aPagán, Samuel,
_eautor.
245 1 0 _aDe lo profundo, Señor, a ti clamo :
_bintroducción y comentario al libro de los Salmos /
_cPagán, Samuel.
264 1 _aMiami, Florida :
_bEditorial Patmos,
_c2007.
300 _a731 páginas ;
_c21 centímetros
336 _atext
_2rdacontent
337 _aunmediated
_2rdamedia
338 _avolume
_2rdacarrier
504 _aIncluye bibliografía (páginas :103 - 106).
505 0 _aUn peregrinar extraordinario de contemplación, estudio y reflexión -- Importancia del libro de los Salmos -- Los títulos hebreos o epígrafes, y términos técnicos -- Composición de los salmos y redacción del libro -- David, "el dulce cantor de Israel" -- Mujeres salmistas -- El texto hebreo de los Salmos -- La iconografía del salterio -- Festivales en el pueblo de Israel -- Música e instrumentos musicales -- Interpretación de los salmos -- Los géneros literarios -- Teología en los salmos -- Siervos, enemigos, pobres y enfermos -- Alma, vida, muerte y sheol -- Corazón, riñones, hígado y carne -- Poesía en los salmos -- El uso de los salmos en la Biblia -- Pertinencia de los Salmos: una lectura en castellano -- Nuestro acercamiento al salterio -- Libro primero: Salmos 1-41 -- Libro segundo: Salmos 42-72 -- Libro tercero: Salmos 73-89 -- Libro cuarto: Salmos 90-106 -- Libro quinto: Salmos 107-150 .
526 _aSEG42
526 _aSEG41
526 _aSEG40
526 _aSEG39
526 _aP94
526 _aP87
526 _aP86
526 _aP85
526 _aP77
526 _aP76
526 _aP35
541 _g001-0000506;
630 _aBiblia.
_pA.T.
_pSalmos
_xComentarios.
910 _agl
_bjck
_d20110217
942 _2ddc
_cBOOK
949 _a223.2 P16
_wDEWEY
_c1
_i62652
_d2016-11-30
_e2016-11-29
_lCCODEBUL1
_mBUL
_n15
_p45.00
_r0
_sY
_tBOOK
_u2015-7-6
_xTEOLOGIA
_PP35
_0COMPRA
_o.STAFF. Colección General
994 _aC0
_bPEPRU
596 _a1
999 _a223.2 P16
_wDEWEY
_c51746
_i62652
_d51746
_e2019-11-20
_f2021-11-9
_g5
_lCCODEBUL1
_mBUL
_n27
_p45.00
_q17
_r0
_sY
_tBOOK
_u2015-7-6
_xTEOLOGIA
_PP35
_0COMPRA
_o.STAFF. Colección Teología
980 _81
_gALBERTO SANCHEZ Responsable de Automatización